Name the Movie Sequel Quiz Stats

 Plays Quiz Updated Oct 30, 2018

Score 0/24 Timer 05:00
4 Plays Today
Movie Sequel % Correct
Batman BeginsThe Dark Knight
85.4%
Meet the ParentsMeet the Fockers
85.2%
The Bourne IdentityThe Bourne Supremacy
77%
Analyze ThisAnalyze That
72.1%
The Silence of the LambsHannibal
66.3%
The Whole Nine YardsThe Whole Ten Yards
66.1%
Raiders of the Lost ArkIndiana Jones and the Last Crusade
64%
AlienAliens
57.7%
The Fast and the Furious2 Fast 2 Furious
56.2%
BabeBabe: Pig in the City
45.6%
National Lampoon's VacationEuropean Vacation
39.8%
Die Hard 2: Die HarderDie Hard with a Vengeance
36.7%
Movie Sequel % Correct
Pitch BlackThe Chronicles of Riddick
31.4%
Night of the Living DeadDawn of the Dead
29%
Get ShortyBe Cool
27.5%
Before SunriseBefore Sunset
26.4%
ElizabethElizabeth: The Golden Age
23.4%
Mad MaxThe Road Warrior
21.7%
Saturday Night FeverStaying Alive
21.5%
A Fistful of DollarsFor a Few Dollars More
21.4%
Dirty HarryMagnum Force
10.8%
The Love BugHerbie Rides Again
7.2%
HighlanderHighlander II: The Quickening
7.1%
Purple RainGraffiti Bridge
1.9%

You're not logged in!

Compare scores with friends on all Sporcle quizzes.
OR
Log In

Sporcle TV

Today on Sporcle TV


Watch our educational content, quiz creation guides, and fun videos on Sporcle TV.

Show Comments

Extras

Top Quizzes Today


Score Distribution

Your Account Isn't Verified!

In order to create a playlist on Sporcle, you need to verify the email address you used during registration. Go to your Sporcle Settings to finish the process.

Report this User

Report this user for behavior that violates our Community Guidelines.

Details: